000 00689nam a22001577a 4500
003 OSt
005 20151026152621.0
008 151026b xxu||||| |||| 00| 0 eng d
040 _cRUA
082 _aVTF PHA 2003 B112 Or.1
100 _92925
_aPHALL VANNARY
245 _aEpidemiological study of foot and mouth sisease on cattle in prey chhor district kompong cham provinec, (ការសិក្សាអំពីការរាតត្បាតនៃជំងឺអុតក្ដាមគោ នៅស្រុកព្រៃឈរ ខេត្តកំពង់កំពង់ចាម)
260 _aPhnom Penh
_bRua
_c2003
300 _avi; 52p.
_bill.
_c29cm.
942 _2ddc
_cVTF`
999 _c2741
_d2741